Dilemas y confrontaciones del estudiante de último año frente a los contextos de práctica /

Bibliographic Details
Main Authors: Fonseca Fonseca, Juan Carlos (Author), Ramos Martín, Diana Ximena (Author)
Format: Electronic eBook
Language:Spanish
Published: Bogotá, D.C., Colombia : Ediciones USTA, Universidad Santo Tomás, 2020.
Edition:Primera edición.
Subjects:
Online Access:Digitalia Hispánica

MARC

LEADER 00000nam a2200000Ii 4500
001 DIGEDUSTA159
003 NyNyDIG
008 220416s2020 ck a ob 001 0 spa d
006 m o d
007 cr |||||||||||
035 |a (OCoLC)1277138992 
040 |a DGITA  |b eng  |e rda  |e pn  |c DGITA 
020 |a 9789587823899  |q eBook  |q ePub 
020 |z 9789587823882 
050 1 4 |a BF77 ebook 
082 0 4 |a 150.7 
100 1 |a Fonseca Fonseca, Juan Carlos,  |e author. 
245 1 0 |a Dilemas y confrontaciones del estudiante de último año frente a los contextos de práctica /  |c Juan Carlos Fonseca Fonseca, Diana Ximena Ramos Martín. 
250 |a Primera edición. 
264 1 |a Bogotá, D.C., Colombia :  |b Ediciones USTA, Universidad Santo Tomás,  |c 2020. 
300 |a 1 online resource :  |b illustrations. 
336 |a text  |b txt  |2 rdacontent 
336 |a still image  |2 rdacontent 
337 |a computer  |b c  |2 rdamedia 
338 |a online resource  |b cr  |2 rdacarrier 
347 |a text file  |2 rdaft 
347 |b EPUB 
504 |a Includes bibliographical references and index. 
588 0 |a Online resource; title from ePub title page (Digitalia, viewed Abril 16, 2022) 
650 0 |a Psychology  |x Study and teaching (Higher) 
650 0 |a Teacher-student relationships. 
655 0 |a Electronic books. 
700 1 |a Ramos Martín, Diana Ximena,  |e author. 
776 0 8 |i Print version:  |a Fonseca Fonseca, Juan Carlos.  |t Dilemas y confrontaciones del estudiante de último año frente a los contextos de práctica.  |b Primera edición.  |d Bogotá, D.C., Colombia : Ediciones USTA, Universidad Santo Tomás, 2020  |z 9789587823882 
791 2 |a Digitalia (Firm),  |e distributor. 
793 0 |g Digitalia eBook Collection:  |a Ediciones USTA 
856 4 0 |3 Digitalia Hispánica  |u https://www.digitaliapublishing.com/a/104082/ 
910 |a Premium collection: 2022